| 000 | 00537nam a2200193Ia 4500 | ||
|---|---|---|---|
| 003 | LDD | ||
| 008 | 190117s9999 xx 000 0 und d | ||
| 020 |
_a9789352211227 _c₹495 |
||
| 040 | _cLDD | ||
| 041 | _ahi | ||
| 082 | _a8H3.7 ना1664छ | ||
| 100 | _aनागर, अचला | ||
| 245 | 0 |
_aछल _cअचला नागर |
|
| 260 |
_bलोकभारती _c2016 |
||
| 300 | _a223p. | ||
| 901 | _aRAJ | ||
| 904 | _aReqst by : Satyakam | ||
| 942 |
_2ddc _cH |
||
| 999 |
_c162147 _d162147 |
||